Cisco ASA configuration / (Record no. 31025)

MARC details
000 -LEADER
fixed length control field 01083nam a22002897a 4500
005 - DATE AND TIME OF LATEST TRANSACTION
control field 20091023150446.0
008 - FIXED-LENGTH DATA ELEMENTS--GENERAL INFORMATION
fixed length control field 091023t xxu||||| |||| 00| 0 eng d
010 ## - LCCN (DPL NO)
LC control number ENG-95190
020 ## - INTERNATIONAL STANDARD BOOK NUMBER
International Standard Book Number 9780070677241
Terms of availability 695.00
020 ## - INTERNATIONAL STANDARD BOOK NUMBER
International Standard Book Number 0070677247
Terms of availability 695.00
035 ## - SYSTEM CONTROL NUMBER
System control number EN-78723
040 ## - CATALOGING SOURCE
Original cataloging agency DPL
082 ## - DEWEY DECIMAL CLASSIFICATION NUMBER
Classification number 005.8
Edition number 22
100 ## - MAIN ENTRY--PERSONAL NAME
Personal name Deal, Richard A.
245 ## - TITLE STATEMENT
Title Cisco ASA configuration /
Statement of responsibility, etc by Richard A. Deal.
260 ## - PUBLICATION, DISTRIBUTION, ETC. (IMPRINT)
Place of publication, distribution, etc New Delhi:
Name of publisher, distributor, etc Tata McGraw-Hill Education
Date of publication, distribution, etc 2009.
270 ## - ADDRESS
Address 7, West Patel Nagar
City New Delhi
Postal code 110009
300 ## - PHYSICAL DESCRIPTION
Extent xxxi, 719 p.
Dimensions 24cm, (Pbk)
500 ## - GENERAL NOTE
General note Includes Index
650 ## - SUBJECT ADDED ENTRY--TOPICAL TERM
Topical term or geographic name as entry element Computer networks
General subdivision Security measures.
650 ## - SUBJECT ADDED ENTRY--TOPICAL TERM
Topical term or geographic name as entry element Firewalls (Computer security)
650 ## - SUBJECT ADDED ENTRY--TOPICAL TERM
Topical term or geographic name as entry element Software configuration management.
650 ## - SUBJECT ADDED ENTRY--TOPICAL TERM
Topical term or geographic name as entry element Computer input-output equipment.
942 ## - ADDED ENTRY ELEMENTS (KOHA)
Source of classification or shelving scheme Dewey Decimal Classification
Item type English Books
Call number suffix DEA
Classification part 005.8
Holdings
Withdrawn status Lost status Source of classification or shelving scheme Damaged status Not for loan Collection code Home library Current library Date acquired Source of acquisition Cost, normal purchase price Total Checkouts Full call number Barcode Date last seen Copy number Cost, replacement price Koha item type
    Dewey Decimal Classification   Not For Loan Non-fiction D.B.Act.Division D.B.Act.Division 23/10/2009 DBAD / PUB 695.00   005.8 DEA EN-78723 23/10/2009 1 695.00 English Books

© Delhi Public Library
Hit Counter
free hit counter